MARC details
| 000 -CABECERA |
| campo de control de longitud fija |
02045cam a2200421 i 4500 |
| 001 - NÚMERO DE CONTROL |
| campo de control |
23713802 |
| 005 - FECHA Y HORA DE LA ÚLTIMA TRANSACCIÓN |
| campo de control |
20250331171856.0 |
| 008 - DATOS DE LONGITUD FIJA--INFORMACIÓN GENERAL |
| campo de control de longitud fija |
240530t20192019enka 000 1 eng d |
| 010 ## - NÚMERO DE CONTROL DE LA BIBLIOTECA DEL CONGRESO |
| Número de control de LC |
2024402392 |
| 020 ## - NÚMERO INTERNACIONAL ESTÁNDAR DEL LIBRO |
| Número Internacional Estándar del Libro |
9781529302806 |
| 035 ## - NÚMERO DE CONTROL DEL SISTEMA |
| Número de control de sistema |
(OCoLC)on1090856927 |
| 040 ## - FUENTE DE LA CATALOGACIÓN |
| Centro catalogador/agencia de origen |
YDX |
| Lengua de catalogación |
eng |
| Normas de descripción |
rda |
| Centro/agencia transcriptor |
YDX |
| Centro/agencia modificador |
UKMGB |
| -- |
OCLCO |
| -- |
OCLCF |
| -- |
EXR |
| -- |
GK8 |
| -- |
JTH |
| -- |
OCL |
| -- |
OCLCO |
| -- |
UAP |
| -- |
EAU |
| -- |
OCLCQ |
| -- |
OCLCO |
| -- |
OCLCL |
| -- |
ZGR |
| -- |
OCLCO |
| -- |
DLC |
| 041 0# - CÓDIGO DE LENGUA |
| Código de lengua del texto/banda sonora o título independiente |
eng |
| -- |
por |
| 042 ## - CÃDIGO DE AUTENTICACIÃN |
| Código de autenticación |
lccopycat |
| 050 00 - SIGNATURA TOPOGRÁFICA DE LA BIBLIOTECA DEL CONGRESO |
| Número de clasificación |
PC5071 |
| Número de documento/Ítem |
.R53 2019 |
| 100 ## - ENTRADA PRINCIPAL--NOMBRE DE PERSONA |
| Nombre de persona |
Richards, Olly |
| Término indicativo de función/relación |
author |
| 9 (RLIN) |
12403 |
| 245 10 - MENCIÓN DE TÍTULO |
| Título |
Short stories in Brazilian Portuguese |
| Resto del título |
:read for pleasure at your level and learn Brazilian Portuguese the fun way! |
| Mención de responsabilidad, etc. |
/ Olly Richards ; translated by Ethel Pereira de Almedia Rowbotham. |
| 246 30 - FORMA VARIANTE DE TÍTULO |
| Título propio/Titulo breve |
Brazilian Portuguese |
| 246 34 - FORMA VARIANTE DE TÍTULO |
| Título propio/Titulo breve |
Short stories in Brazilian Portuguese : |
| Resto del título |
for beginners |
| 246 30 - FORMA VARIANTE DE TÍTULO |
| Título propio/Titulo breve |
Read for pleasure at your level and learn Brazilian Portuguese the fun way |
| 260 ## - PUBLICACIÓN, DISTRIBUCIÓN, ETC. |
| Lugar de publicación, distribución, etc. |
London : |
| Nombre del editor, distribuidor, etc. |
John Murray Learning, |
| Fecha de publicación, distribución, etc. |
2019. |
| 300 ## - DESCRIPCIÓN FÍSICA |
| Extensión |
xiv, 224 pages : |
| Otras características físicas |
illustrations ; |
| Dimensiones |
20 cm. |
| 490 ## - MENCIÓN DE SERIE |
| Mención de serie |
Foreign language graded reader series |
| 490 ## - MENCIÓN DE SERIE |
| Mención de serie |
Teach yourself books |
| 500 ## - NOTA GENERAL |
| Nota general |
"CEFR A2-B1"--Cover |
| 500 ## - NOTA GENERAL |
| Nota general |
"For high-beginner to low-intermediate language learners" -- Page 4 of cover. |
| 520 ## - SUMARIO, ETC. |
| Sumario, etc. |
Eight unconventiional and captivating short stories for adult and young adult learners of Brazilian Portuguese, which will help the reader to expand vocabulary and improve comprehension in a natural way. |
| 650 #0 - PUNTO DE ACCESO ADICIONAL DE MATERIA--TÉRMINO DE MATERIA |
| Término de materia o nombre geográfico como elemento de entrada |
Portuguese language |
| Subdivisión de forma |
Readers |
| -- |
Short stories, Portuguese |
| 9 (RLIN) |
25105 |
| 650 #0 - PUNTO DE ACCESO ADICIONAL DE MATERIA--TÉRMINO DE MATERIA |
| Término de materia o nombre geográfico como elemento de entrada |
Portuguese language |
| Subdivisión de forma |
Textbooks for foreign speakers |
| Subdivisión general |
English |
| 9 (RLIN) |
25068 |
| 650 #0 - PUNTO DE ACCESO ADICIONAL DE MATERIA--TÉRMINO DE MATERIA |
| Término de materia o nombre geográfico como elemento de entrada |
Portuguese language |
| Subdivisión general |
Study and teaching |
| -- |
Foreign speakers |
| 9 (RLIN) |
25106 |
| 650 #0 - PUNTO DE ACCESO ADICIONAL DE MATERIA--TÉRMINO DE MATERIA |
| Término de materia o nombre geográfico como elemento de entrada |
Reading comprehension |
| Subdivisión de forma |
Problems, exercises, etc. |
| 9 (RLIN) |
25107 |
| 655 #0 - TÉRMINO DE INDIZACIÓN--GÉNERO/FORMA |
| Datos o término principal de género/forma |
Textbooks |
| Subdivisión general |
for English speakers |
| 9 (RLIN) |
22374 |
| 655 #0 - TÉRMINO DE INDIZACIÓN--GÉNERO/FORMA |
| Datos o término principal de género/forma |
Textbooks |
| 9 (RLIN) |
23731 |
| 655 #0 - TÉRMINO DE INDIZACIÓN--GÉNERO/FORMA |
| Datos o término principal de género/forma |
Short stories |
| 9 (RLIN) |
22375 |
| 655 #0 - TÉRMINO DE INDIZACIÓN--GÉNERO/FORMA |
| Datos o término principal de género/forma |
Readers (Publications) |
| 9 (RLIN) |
25108 |
| 700 ## - ENTRADA AGREGADA--NOMBRE PERSONAL |
| Nombre de persona |
Almeida Rowbotham, Ethel Pereira de |
| Término indicativo de función/relación |
translator |
| 9 (RLIN) |
25070 |
| 942 ## - ELEMENTOS DE ENTRADA AGREGADA (KOHA) |
| Fuente del sistema de clasificación o colocación |
Clasificación de Library of Congress |